02877cam a22004334i 4500003000900000005001700009008004100026020003300067020003600100035002700136035002700163040003300190050002100223082002000244082002100264082002400285245013600309264005900445300006700504336002100571337002500592338002300617504002800640505159000668526001002258526001002268526001002278526001002288526000802298526000802306526000802314526000802322526000802330526000802338526000802346650003602354650002502390700002802415PE-LiUPU20250731173057.0150623s1998 xxu rb 000 0 eng d a1883925223q(tapa rústica) a9781883925222q(tapa rústica) a(Sirsi) i9781883925222 a(Sirsi) i9781883925222 aPE-LiUPUbspacPE-LiUPUerda aBV676b.W66 199804a262.14bW9522104a262.14bW95 199804a262.146732bV9922100aWomen in ministry :biblical and historical perspectives /cSpecial Committee, SDA Theological Seminary ; editor, Nancy Vyhmeister. 1aBerrien Spring, MI :bAndrews University Press,c1998. a439 páginas :bilustraciones, gráficos ;c23 centímetros atext2rdacontent aunmediated2rdamedia avolume2rdacarrier aIncluye bibliografía.0 aMinistry in tThe priesthood of all believers / Raoul Dederen -- Women priests in Israel : a case for their absence / Jacques B. Doukhan -- Shapes of ministry in the New Testament and early church / Robert M. Johnston -- Laying on of hands in ordination : a biblical study / Keith Mattingly -- Clerical authority and ordination in the early Christian church / Daniel A. Augsburger -- Early Seventh-day Adventists and ordination, 1844-1863 / George R. Knight -- Ordination in the writings of Ellen G. White / J.H. Denis Fortin -- A theological understanding of ordination / Russell L. Staples -- Women in Scripture : a survey and evaluation / Jo Ann Davidson -- "A power that exceeds that of men" : Ellen G. White on women in ministry / Jerry Moon -- Nineteenth-century women in adventist ministry against the backdrop of their times / Michael Bernoi -- SDA women in ministry, 1970-1998 / Randal R. Wisbey -- Headship, submission, and equality in Scripture / Richard M. Davidson -- Equality, headship, and submission in the writings of Ellen G. White / Peter M. van Bemmelen -- How does a woman prophesy and keep silence at the same time? (1 Corinthians 11 and 14) / W. Larry Richards -- Proper church behavior in 1 Timothy 2:8-15 / Nancy Jean Vyhmeister -- Ellen White and women's rights / Alicia A. Worley -- The distance and the difference : reflections on issues of slavery and women's ordination in adventism / Walter B.T. Douglas -- The ordination of women in light of the character of God / Roger L. Dudley -- Culture and biblical understanding in a world church / Jon L. Dybdahl. aSEG42 aSEG41 aSEG40 aSEG39 aP94 aP87 aP86 aP85 aP77 aP76 aP3504aOrdenación de la mujerxIASD.04aOrdienaciónxIASD.1 aVyhmeister, Nancy,eed.